Т. 2; Прикладная механика твердого деформируемого тела. Сопротивление материалов с элементами теории сплошных сред и строительной механики

Bibliographic Details
Parent link:Прикладная механика твердого деформируемого тела. Сопротивление материалов с элементами теории сплошных сред и строительной механики: в 3 томах/ А. П. Филин. Т. 2.— , 1975-
Language:Russian
Published: 1978
Subjects:
Format: Book
KOHA link:https://koha.lib.tpu.ru/cgi-bin/koha/opac-detail.pl?biblionumber=86220

MARC

LEADER 00000nam2a2200000 4500
001 86220
005 20231031101437.0
035 |a (RuTPU)RU\TPU\book\92602 
035 |a RU\TPU\book\92599 
090 |a 86220 
100 |a 20051123d1978 km y0rusy50 ca 
101 0 |a rus 
102 |a RU 
105 |a a z 001zy 
200 0 |a Т. 2 
210 |d 1978 
215 |a 616 с.  |c ил. 
320 |a Указатель имен и предметов: с. 611-616. 
461 1 |0 (RuTPU)RU\TPU\book\68971  |t Прикладная механика твердого деформируемого тела. Сопротивление материалов с элементами теории сплошных сред и строительной механики  |o в 3 томах  |f А. П. Филин  |v Т. 2  |d 1975- 
610 1 |a прикладная механика 
610 1 |a твердые тела 
610 1 |a деформируемые тела 
610 1 |a стержни 
610 1 |a деформация 
610 1 |a сдвиг 
610 1 |a кручение 
610 1 |a изгиб 
610 1 |a сложное сопротивление 
610 1 |a тонкостенные стержни 
610 1 |a упругость 
610 1 |a стержневые системы 
610 1 |a статика 
675 |a 539.3  |v 3 
801 1 |a RU  |b 63413507  |c 20051123  |g PSBO 
801 2 |a RU  |b 63413507  |c 20210609  |g PSBO 
942 |c BK